Estatísticas para As Maiores Cidades do Sul do Brasil

Clique aqui para jogar o quiz

Estatísticas Gerais

  • Esse quiz foi jogado 66 vezes
  • A pontuação média é 18 de 30

Estatísticas das Respostas

PopulaçãoCidadeEstado% Correto
1.773.733CuritibaPR
100%
537.213FlorianópolisSC
100%
1.332.570Porto AlegreRS
100%
555.937LondrinaPR
89%
463.338Caxias do SulRS
85%
616.323JoinvilleSC
85%
254.781ChapecóSC
77%
361.261BlumenauSC
75%
409.657MaringáPR
74%
214.493CriciúmaSC
66%
348.051CascavelPR
64%
285.415Foz do IguaçuPR
64%
325.689PelotasRS
64%
270.295São JoséSC
62%
329.222São José dos PinhaisPR
62%
358.367Ponta GrossaPR
60%
271.633Santa MariaRS
60%
264.054ItajaíSC
55%
227.732Novo HamburgoRS
55%
347.657CanoasRS
53%
191.900Rio GrandeRS
49%
224.116ViamãoRS
43%
206.224Passo FundoRS
40%
222.598PalhoçaSC
34%
217.410São LeopoldoRS
34%
265.070GravataíRS
30%
182.093GuarapuavaPR
25%
182.660Jaraguá do SulSC
23%
187.315AlvoradaRS
19%
232.056ColomboPR
17%

Distribuição das Pontuações

Percentil de Números Respondidos

Porcentagem de Pessoas com Cada Pontuação

Sua Pontuação Histórica

Você não jogou esse quiz